• 首页
  • 本馆介绍
  • 公告通知
  • 最新文献
  • 馆藏检索
  • 电子资源
  • 读者导购
  • 参考咨询
  • 我的图书馆
  • 登录
  • 详细信息显示
  • 放入我的书架
  • 预约/预借图书
  • 作者相关作品
  • 分类相关作品
  • 丛书相关作品
  • 出版社相关作品

书目信息

  • 表格格式
  • 工作单格式
  • 卡片格式
题名:
射流技术基础
    
 
作者: ;上海交通大学 编
分册:  
出版信息: 北京   国防工业出版社  1972
页数: 244页
开本: 20cm
丛书名:
单 册:
中图分类: TP69
科图分类:
主题词: 射流技术--应用
电子资源:
ISBN:
000 00584nam0 2200205 45
001 0405181674
005 20040518161419.2
010    @dCNY0.80
091    @a15034.1262
100    @a20040518d1972 km y0chiy0120 ea
101 0  @achi
105    @aa z 000yy
200 1  @a射流技术基础@AShe Liu Ji Shu Ji Chu@f上海交通大学编@FShang Hai Jiao Tong Da Xue Bian
210    @a北京@c国防工业出版社@d1972
215    @a244页@c图@d20cm
606 0  @a射流技术@x应用
690    @aTP69@v3
711 02 @a上海交通大学@4编
801    @aCN@bTSTCL@c20040518
905    @f2@b11316-317@dTP69@e2@b11312-314@f3
    
    射流技术基础/上海交通大学编.-北京:国防工业出版社,1972
    244页:图;20cm
    
    
    ISBN :CNY0.80
    
●
相关链接 在E读中查询图书 在五车中查询图书 在当当中查询图书 在豆瓣中查询图书


正题名:射流技术基础     索取号:TP69/2         预约/预借

序号 登录号 条形码 馆藏地/架位号 状态 备注
1 0011312   001643626   第三借阅区/ [索取号:TP69/2] 在馆    
2 0011313   001643895   第二样本阅览室/ [索取号:TP69/2] 在馆    
3 0011314   001643813   第三借阅区/ [索取号:TP69/2] 在馆    
4 0011316   001644475   第三借阅区/ [索取号:TP69/2] 在馆    
5 0011317   001644484   第三借阅区/ [索取号:TP69/2] 在馆    
唐山师范学院图书馆 欢迎您!
大连网信软件有限公司© 版权所有